000 00537nam a22002177a 4500
003 UA-OsUOA
001 36813
007 ta
008 20060215b un ||||| |||| 00| 0 ukr d
100 _aУндір О.
090 _a908
_bУ11
942 _cSA
040 _aUA-OsUOA
_bukr
_cUA-OsUOA
_dUA-OsUOA
245 _aНе відболить Афганістан у пам'яті народній
300 _aС.3
955 _a0
041 _aukr
080 _a908
773 0 _w36811
650 7 _a908 Краєзнавство
_2UDC
999 _c323067
_d323067